| 000 | 00687nam a2200217 i 4500 | ||
|---|---|---|---|
| 001 | 94416 | ||
| 003 | ES-MaACL | ||
| 005 | 20250816192208.0 | ||
| 007 | t| | ||
| 008 | 050429s1982 sp ||||1| spa d | ||
| 100 | 1 |
_aLorenzen, Paul. _974135 |
|
| 245 | 1 | 0 |
_aPensamiento metódico / _cPaul Lorenzen; [traducción del alemán por Manuel Garrido y José Sanmartín]. |
| 260 |
_aValencia : _bRevista Teorema, _c1982. |
||
| 300 |
_a51 p. ; _c19 cm. |
||
| 490 | 1 | _aCuadernos Teorema | |
| 700 | 1 |
_aGarrido, Manuel, _d1925-2015 _955680 |
|
| 700 | 1 |
_aSanmartín, José. _9103183 |
|
| 830 | 0 |
_aCuadernos Teorema _9180999 |
|
| 852 |
_aES-MaACL _j2122-F-5 _bR.104297 |
||
| 999 |
_c94416 _d94416 |
||